| 000 | 00440nam a2200145 a 4500 | ||
|---|---|---|---|
| 005 | 20140412111329.0 | ||
| 008 | 030110s19uu xx 00 eng d | ||
| 020 | _a0-88309-886-5 | ||
| 050 |
_aTR(GS 372.634 _bHa233 1991 |
||
| 245 |
_aHandwriting, grade M : _ba way to self-expression. |
||
| 260 |
_aColumbus, Ohio : _bZaner-Blosser, _c1991. |
||
| 500 | _aNonconsumable edition | ||
| 650 |
_aPenmanship _xStudy and teaching |
||
| 999 |
_c104853 _d104853 |
||